In an outpost of the global economy: (Record no. 11108)
[ view plain ]
| 000 -LEADER | |
|---|---|
| fixed length control field | 01426 a2200277 4500 |
| 005 - DATE AND TIME OF LATEST TRANSACTION | |
| control field | 20110810152847.0 |
| 010 ## - LCCN (DPL NO) | |
| LC control number | ENG-89657 B-423841-842 |
| 020 ## - INTERNATIONAL STANDARD BOOK NUMBER | |
| International Standard Book Number | 0415456807 |
| Terms of availability | 650.00 |
| 035 ## - SYSTEM CONTROL NUMBER | |
| System control number | EN-73190 |
| 035 ## - SYSTEM CONTROL NUMBER | |
| System control number | B-423841-842 |
| 037 ## - SOURCE OF ACQUISITION | |
| Source of stock number/acquisition | DBAD / PUB |
| 037 ## - SOURCE OF ACQUISITION | |
| Source of stock number/acquisition | Allied Publishers |
| 082 14 - DEWEY DECIMAL CLASSIFICATION NUMBER | |
| Classification number | 338.470040954 |
| 245 1# - TITLE STATEMENT | |
| Title | In an outpost of the global economy: |
| Remainder of title | work and workers in India's information technology industry/ |
| Statement of responsibility, etc | edited by Carol Upadhya and A.R. Vasavi |
| 260 ## - PUBLICATION, DISTRIBUTION, ETC. (IMPRINT) | |
| Place of publication, distribution, etc | New Delhi |
| Name of publisher, distributor, etc | Routledge |
| Date of publication, distribution, etc | 2008 |
| 270 ## - ADDRESS | |
| Address | 912, Tolstoy House, 15-17 Tolstoy Marg |
| City | New Delhi |
| Postal code | 110 001 |
| 300 ## - PHYSICAL DESCRIPTION | |
| Extent | 283p. |
| Dimensions | 22 cm ( Hb.) |
| 500 ## - GENERAL NOTE | |
| General note | Includes index. |
| 700 ## - ADDED ENTRY--PERSONAL NAME | |
| Personal name | Upadhya, Carol |
| 9 (RLIN) | 32338 |
| 700 ## - ADDED ENTRY--PERSONAL NAME | |
| Personal name | Vasavi, A.R. |
| 9 (RLIN) | 32339 |
| 942 ## - ADDED ENTRY ELEMENTS (KOHA) | |
| Institution code [OBSOLETE] | dpl |
| Item type | English Books |
| Source of classification or shelving scheme | Dewey Decimal Classification |
| Classification part | 338.470040954 |
| Call number suffix | INA |
| Withdrawn status | Lost status | Not for loan | Collection code | Home library | Current library | Source of acquisition | Cost, normal purchase price | Full call number | Barcode | Copy number | Cost, replacement price | Koha item type | Date acquired |
|---|---|---|---|---|---|---|---|---|---|---|---|---|---|
| Non-fiction | Central Library | Central Library | Allied Publishers/CR/0002704/17.3.11/75/4.3.11/17.3.11 | 650.00 | 338.470040954 INA | B-423841 | 1 | 650.00 | English Books | 10/08/2011 | |||
| Not For Loan | Non-fiction | D.B.Act.Division | D.B.Act.Division | DBAD/PUB | 650.00 | 338.470040954 INA | EN-73190 | 1 | 650.00 | English Books | |||
| Non-fiction | Sarojini Nagar | Sarojini Nagar | Allied Publishers/CR/0002704/17.3.11/75/4.3.11/17.3.11 | 650.00 | 338.470040954 INA | B-423842 | 1 | 650.00 | English Books | 10/08/2011 |
